000 00238nam a22000857a 4500
008 170111b xxu||||| |||| 00| 0 eng d
100 _92311
_aChattarjee. S
245 _aFrank Environmental Education-9
260 _aNew Delhi
_bFrank Brothers
_c2005
999 _c5229
_d5229